000 00430nam a2200205Ia 4500
001 001022
003 YMCAF
005 20230512160044.0
008 100717s1971 ||||||||||||||||| ||und|d
024 _a1022
035 _a1004
040 _aYMCAF
_beng
_cIN-KoLT
041 _aeng
082 _aADV-BRO
100 _aBROOKES A.M.P.
245 0 _aADVANCED ELECTRIC CIRCITS
260 _c1971
300 _a186
942 _2ddc
_cBK
999 _c813
_d813